000 01856nam a2200421 a 4500
001 ebr10613485
003 CaPaEBR
006 m u
007 cr cn|||||||||
008 051114r20061978inu sb 001 0 eng d
010 _z 2005033274
020 _z9780865976382 (hardcover : alk. paper)
020 _z0865976384 (hardcover : alk. paper)
020 _z9780865976399 (pbk. : alk. paper)
020 _z0865976392 (pbk. : alk. paper)
020 _z9781614878438 (e-book)
040 _aCaPaEBR
_cCaPaEBR
035 _a(OCoLC)276301313
050 1 4 _aHB71
_b.V65 2006eb
082 0 4 _a330.01
_222
100 1 _aVon Mises, Ludwig,
_d1881-1973.
245 1 4 _aThe ultimate foundation of economic science
_h[electronic resource] :
_ban essay on method /
_cLudwig von Mises ; edited by Bettina Bien Greaves.
250 _a2nd ed.
260 _aIndianapolis :
_bLiberty Fund,
_cc2006.
300 _axiii, 124 p.
490 1 _aLiberty Fund library of the works of Ludwig von Mises
500 _a"The second edition was published in 1978 by the Institute for Humane Studies, Inc. In 2002, Bettina Bien Greaves reprinted the second edition in association with the Foundation for Economic Education"--T.p. verso.
504 _aIncludes bibliographical references and index.
533 _aElectronic reproduction.
_bPalo Alto, Calif. :
_cebrary,
_d2011.
_nAvailable via World Wide Web.
_nAccess may be limited to ebrary affiliated libraries.
650 0 _aEconomics.
650 0 _aEconomics
_xMethodology.
650 0 _aPositivism.
655 7 _aElectronic books.
_2local
700 1 _aGreaves, Bettina Bien.
710 2 _aebrary, Inc.
800 1 _aVon Mises, Ludwig,
_d1881-1973.
_tWorks.
_f2005.
856 4 0 _uhttp://site.ebrary.com/lib/rucke/Doc?id=10613485
_zAn electronic book accessible through the World Wide Web; click to view
999 _c205095
_d205095